000 05142nam0a22004451 4500
001 v19\rc\2107324
005 20250922140214.0
035 _a(NLR Aleph) 005179737
090 _a5125226
_c5125226
100 _a20090914d1808 ma|y0rusy50 ca
101 0 _arus
102 _aRU
140 _aa h egada zzyaa0000
200 1 _aПисма и указы государей: императора Петра Великаго, императрицы Екатерины Первыя, императора Петра Втораго, императрицы Анны Иоанновны, императрицы Елисавет Петровны и персидскаго шаха Тахмасиба к генерал аншефу, сенатору и орденов святаго апостола Андрея Первозваннаго и святаго Александра Невскаго кавалеру Василью Яковлевичу Левашову.
_eИзданные с подлинников.
_eС приложением одного из писем государя императора Петра Великаго в точности скопированнаго и вырезаннаго на меди, портрета Василья Яковлевича Левашова и краткаго описания его жизни
210 _aМосква
_cв типографии Платона Бекетова
_d1808
215 _aXVI, 1-78, [2], 83-112 с., [1] л. ил., [1] л. факс., [1] л. табл.
_d8° (23 см)
300 _aЦенз.: Моск. ун-та ценз. ком.
300 _aНа с. VII-XVI : Краткое описание жизни Василья Яковлевича Левашова. Автор В. А. Жуковский (установлено по автографу П. П. Бекетова; см. СК 1801-1825 495)
300 _aВ предисл. изд. П. П. Бекетов сообщает, что публикуемые материалы получены им от внука В. Я. Левашова, Ф. И. Левашова (с. V-VI)
300 _aПортр. В. Я. Левашова. Факс.: воспроизведение автографа письма Петра I от 28 марта 1717 г. Пунктир, офорт
316 _aЭкз. РНБ (18.27.4.4) в цельнокожаном марморир. пер. На нижней крышке пер. наклейка с шифром РНБ. Корешок с золотым тиснением. На корешке красная кожаная наклейка с вытисненным золотом загл.: "Писма и указы Левашо" и бумаж. наклейки с первыми буквами фамилии авт. "Пер" и номером "6410". Обрез тонир. синий. На форзаце ярлыки с новым и старым шифрами РНБ. На тит. л. штамп ИБ в венке с короной и круглый штамп ГПБ. На с. 33 и 112 круглый штамп ГПБ. Экз. деф.: отсутствует [1] л. ил.
_5NLR: 18.27.4.4
321 1 _aСК 1801-1825 6532
518 1 _aПисьма и указы государей: императора Петра Великого, императрицы Екатерины Первой, императора Петра Второго, императрицы Анны Иоанновны, императрицы Елисавет Петровны и персидского шаха Тахмасиба к генерал аншефу, сенатору и орденов святого апостола Андрея Первозванного и святого Александра Невского кавалеру Василью Яковлевичу Левашову
702 0 _aПетр
_cимператор российский
_dI
_f1672-1725
_3RU\NLR\AUTH\778862
_4570
702 0 _aЕкатерина
_cимператрица российская
_dI
_f1684-1727
_3RU\NLR\AUTH\771305
_4570
702 0 _aПетр
_cимператор российский
_dII
_f1715-1730
_3RU\NLR\AUTH\7713845
_4570
702 0 _aАнна Ивановна
_cимператрица российская
_f1693-1740
_3RU\NLR\AUTH\7713835
_4570
702 0 _aЕлизавета Петровна
_cимператрица российская
_f1709-1762
_3RU\NLR\AUTH\778655
_4570
702 0 _aТахмасиб
_4570
702 1 _aЛевашов
_bВ. Я.
_gВасилий Яковлевич
_4660
702 1 _aЖуковский
_cпоэт
_f1783-1852
_gВасилий Андреевич
_3RU\NLR\AUTH\775529
702 1 _aЛевашов
_bФ. И.
_f1751-1819
_gФедор Иванович
702 1 _aБекетов
_bП. П.
_f1761-1836
_gПлатон Петрович
_3RU\NLR\AUTH\770274331
_4610
712 0 0 _aБекетов,
_gПлатон Петрович,
_hтипография
_cМосква
_3RU\NLR\AUTH\880530584
_4610
801 0 _aRU
_bNLR
_gpsbo
801 1 _aRU
_bProSoft-M
_2rusmarc
852 _aNLR
_j18.27.4.4
_yЭкз. деф.
942 _cBOOK
980 _aNB